Statistiques concernant Culture Générale - Série 782

Cliquez ici pour prendre le quiz!

Statistiques générales

  • Ce quiz a été pris 105 fois
  • Le résultat moyen est 7 sur 10

Statistiques - réponses

QuestionRéponse% Correct
De quel pays les Guatémaltèques sont-ils originaires ?Guatemala
100%
Selon le proverbe, que ne faut-il pas mettre avant les boeufs ?charrue
97%
Elle peut être : terrestre, marine, géante ou luth, de quel reptile s'agit-il ?tortue
91%
Quand on se fait opérer, on dit familièrement qu'on "passe sur le...billard
85%
Le gâteau généralement composé à parts égales de beurre, de farine, de sucre et d'oeufs est un quatre-...quarts
85%
En 1499, quel sculpteur achève une Pietà que l'on peut admirer à la basilique Saint-Pierre de Rome ?Michel-Ange
74%
Quelle est la capitale du Yémen ?Sanaa
59%
Quel titre du Grand Orchestre du Splendid réunit Belzébuth, Vampirella et la sorcière ?La Salsa du démon
55%
Quelle chanson de 1967, interprétée par Nicoletta, est devenue l'hymne de la première Star Academy ?La Musique
46%
Quelle est l'unité monétaire du Vietnam ?dong
13%

Distribution des résultats

Percentile par nombre de réponses

% des personnes avec chaque résultat

Votre développement - résultats

Vous n’avez pas pris ce quiz